00163nam a22000737a 4500020001500000100001900015245002700034260002800061 a0590061941 aRussell Hoban aA Birthday for Frances aU.S.AbScholasticc1968